000 00645nam a2200169 i 4500
001 94747
003 ES-MaACL
005 20230906181539.0
007 t|
008 050513s1972 sp ||||1| spa d
100 1 _aLozano Mantecón, Ricardo.
_974455
245 1 0 _aContribución al diagnóstico y a la patologia de la tromborilia postoperatoria con referencia especial a las modificaciones del metabolismo lipídico.
260 _aZaragoza :
_bUniversidad. Facultad de Medicina.,
_c1972.
300 _a312 p., 3 h. :
_bil. ;
_c25 cm.
710 2 _aUniversidad de Zaragoza.
_bFacultad de Medicina.
_97362
852 _aES-MaACL
_jC-43067
_bR.83216
999 _c94747
_d94747